India under Atal Behari Vajpayee: (Record no. 160836)

MARC details
000 -LEADER
fixed length control field 00559nam a22001817a 4500
005 - DATE AND TIME OF LATEST TRANSACTION
control field 20200926122127.0
010 ## - LCCN (DPL NO)
LC control number A-980731
020 ## - INTERNATIONAL STANDARD BOOK NUMBER
Terms of availability 395.00
035 ## - SYSTEM CONTROL NUMBER
System control number A-980731
037 ## - SOURCE OF ACQUISITION
Source of stock number/acquisition UBS Publishers' Distributors Ltd.
082 ## - DEWEY DECIMAL CLASSIFICATION NUMBER
Classification number 954.09
100 ## - MAIN ENTRY--PERSONAL NAME
Personal name Thakur, C.P.
245 ## - TITLE STATEMENT
Title India under Atal Behari Vajpayee:
Remainder of title the BJP era /
Statement of responsibility, etc C.P. Thakur {and} Devendra P. Sharma
260 ## - PUBLICATION, DISTRIBUTION, ETC. (IMPRINT)
Place of publication, distribution, etc New Delhi
Name of publisher, distributor, etc UBS Publishers' Distributors Ltd.
Date of publication, distribution, etc 1999
300 ## - PHYSICAL DESCRIPTION
Extent 375p.
Dimensions 22cm(hbk)
700 ## - ADDED ENTRY--PERSONAL NAME
Personal name Sharma, Devendera P.
942 ## - ADDED ENTRY ELEMENTS (KOHA)
Source of classification or shelving scheme Dewey Decimal Classification
Item type English Books
Classification part 954.09
Call number suffix THA
Holdings
Withdrawn status Lost status Not for loan Collection code Home library Current library Date acquired Full call number Barcode Cost, replacement price Koha item type
      Non-fiction Sarojini Nagar Sarojini Nagar 12/02/2019 954.09 THA A-980731 395.00 English Books

© Delhi Public Library
Hit Counter
free hit counter